guess the K-pop idol by the picture - Statistics

General Stats
  • This quiz has been taken 300 times
  • The average score is 10 of 16
Answer Stats
Picture Answer % Correct
bangchan
94%
jimin
93%
hyunjin
89%
sunoo
82%
keeho
77%
mark
74%
mingi
71%
mingyu
63%
johnny
60%
dino
57%
wooyoung
52%
jaehyun
51%
junkyu
40%
sunwoo
33%
Q
24%
jaehyuk
11%
No matching quizzes found
Score Distribution
Percent of People with Each Score
Percentile by Number Answered
Your Score History
You have not taken this quiz